000 00940cam a2200277 i 4500
001 44015
003 Mx-PuUPA
005 20260407090208.0
008 140415s2003 mx gr 001 0 spa d
020 _a9706134301
040 _aMX-PuUPA
_bspa
_erda
_cMx-PuUPA
_dMx-PuUPA
041 0 _aspa
100 1 _aPérez de los Reyes, Marco Antonio,
_eautor
_97212
245 1 0 _aHistoria del derecho mexicano /
_cMarco Antonio Pérez de los Reyes.
250 _aPrimera edición
264 1 _aMéxico, D.F. :
_bOxford University Press México,
_c2003
300 _a3 volúmenes (paginación varía) ;
_c24 cm.
336 _atexto
_2rdacontente
_btxt
337 _asin medio
_2rdamedia
_bn
338 _avolumen
_2rdacarrier
_bnc
490 0 _aBiblioteca de historia del derecho mexicano
650 7 _aDerecho
_zMéxico
_xHistoria
_2armarc
942 _2ddc
_cLI
_h349.72
_iP426
999 _c44015
_d44015